| 000 | 01943nam a22003017a 4500 | ||
|---|---|---|---|
| 005 | 20110810113757.0 | ||
| 008 | 110810t xxu||||| |||| 00| 0 eng d | ||
| 010 | _aENG-103443 | ||
| 020 |
_c1500.00 _a9788132105602 |
||
| 035 | _aEN-86976 | ||
| 037 | _bDBAD/PUB | ||
| 040 |
_aDPL _bEng |
||
| 082 | _a331.10954 | ||
| 100 |
_931629 _aMishra, Lakshmidhar |
||
| 245 |
_aHuman bondage : _cby Lakshmidhar Mishra _btracing its roots in India / |
||
| 260 |
_aNew Delhi _bSAGE Publications _c2011 |
||
| 270 |
_aB1/1-1 Mohan cooperative Industrial Area, Mathura Road _bNew Delhi _e110044sagepub.in |
||
| 300 |
_axix,487p. _c25cm (Hb) |
||
| 500 | _aIncludes bibliographical references and index | ||
| 505 | _aIntroduction -- Historical perspective -- Concept and definition -- Unemployment, underemployment, and income insecurity -- Poverty, population explosion, hunger, and malnutrition -- Minimum wage -- Migration -- Caste hierarchy -- Issues -- Land tenurial system -- Tribal land alienation -- Illiteracy -- Child labour and trafficking -- Devdasis and Yoginis -- Credit and indebtedness -- Globalization, state, and market -- Policy initiatives -- Constitutional and legal provisions -- National policy and implementation of the programme at the state level -- International instruments and initiatives -- Public interest litigation and judicial activism -- Role of voluntary organizations -- Role of trade unions of workers and employer’s organizations -- Role of media and communication agencies -- In retrospect and prospect. | ||
| 650 |
_931639 _aPeonage _zIndia. _xSocial conditions _y21st century. |
||
| 650 |
_aPoor _934014 _z India |
||
| 650 |
_aLand tenure _z India. _934015 |
||
| 650 |
_aSocial justice _z India. _934016 |
||
| 700 | _931640 | ||
| 942 |
_2ddc _cEN _mMIS _h331.10954 |
||
| 999 |
_c55286 _d55286 |
||